| 000 | 02482nam a22005537a 4500 | ||
|---|---|---|---|
| 003 | CHAP | ||
| 005 | 20220817040814.0 | ||
| 008 | 971013s1988 r 00010 d | ||
| 010 | _a610 | ||
| 011 | _a1582 | ||
| 035 | _a758 | ||
| 040 | _cCHAP | ||
| 082 |
_a631.5 _bL6 |
||
| 100 | 0 | 0 |
_aLópez Ríos, Georgina Florencia. _968299 |
| 245 |
_aSistema agrícola de chinampas _b: perspectivas agroecológicas |
||
| 260 |
_aChapingo, Méx. : _bUACH. Dirección de Difusión Cultural, _c1988 |
||
| 300 |
_a111 p. _b: ilus. |
||
| 500 | _a37-84 | ||
| 590 |
_aBATCH-UPD _b10 _c20130110 _lUCH01 _h1811 |
||
| 590 |
_aBATCH-UPD _b10 _c20130410 _lUCH01 _h1146 |
||
| 590 |
_aBATCH-UPD _b10 _c20130914 _lUCH01 _h0926 |
||
| 590 |
_aCONVERSION _b10 _c20130109 _lUCH01 _h1302 |
||
| 650 | 1 | 4 |
_aChinampas. _922577 |
| 650 | 1 | 4 |
_aSistemas de cultivo. _9106746 |
| 710 | 0 | _aUACH. Dirección de Difusión Cultural. | |
| 901 | _aBK | ||
| 942 | _cLIBRO | ||
| 949 |
_a631.5 L6 _bBC _cLIBRO _d33724000051082 _eLIBRO _fc.7 _h78126 _i758 _si _t15.00 |
||
| 949 |
_a631.5 L6 _bBC _cLIBRO _d33724000081014 _eLIBRO _fc.3 _h77445 _i758 _si _t15.00 |
||
| 949 |
_a631.5 L6 _bBC _cLIBRO _d33724000081022 _eLIBRO _fc.6 _h78125 _i758 _si _t15.00 |
||
| 949 |
_a631.5 L6 _bBC _cLIBRO _d33724000081030 _eLIBRO _fc.5 _h77447 _i758 _si _t15.00 |
||
| 949 |
_a631.5 L6 _bBC _cLIBRO _d33724000081048 _eLIBRO _fc.4 _h77446 _i758 _si _t15.00 |
||
| 949 |
_a631.5 L6 _bBC _cLIBRO _d33724000081055 _eLIBRO _fc.2 _h77444 _i758 _si _t15.00 |
||
| 949 |
_a631.5 L6 _bBC _cUACH _d-10217 _eUACH _gI. c/e _h77443 _i758 _si _t15.00 |
||
| 949 |
_a631.5 L6 _bPA _cLIBRO _d-1108 _eLIBRO _h1780 _i758 _si |
||
| 949 |
_a631.5 L6 _bPA _cLIBRO _d-48544 _eLIBRO _fc.2 _h1781 _i758 _si |
||
| 949 |
_a631.5 L6 _bPA _cLIBRO _d-48545 _eLIBRO _fc.3 _h1782 _i758 _si |
||
| 949 |
_a631.5 L6 _bPA _cLIBRO _d-48546 _eLIBRO _fc.4 _h1783 _i758 _si |
||
| 949 |
_a631.5 L6 _bPA _cLIBRO _d-48547 _eLIBRO _fc.5 _h1784 _i758 _si |
||
| 949 |
_a631.5 L6 _bPA _cLIBRO _d-48549 _eLIBRO _fc.6 _h1785 _i758 _si |
||
| 949 |
_a631.5 L6 _bPA _cLIBRO _d-48550 _eLIBRO _fc.7 _h1786 _i758 _si |
||
| 949 |
_a631.5 L6 _bPA _cLIBRO _d-48551 _eLIBRO _fc.8 _h1787 _i758 _si |
||
| 949 |
_a631.5 L6 _bPA _cLIBRO _d-48553 _eLIBRO _fc.10 _h1789 _i758 _si |
||
| 949 |
_a631.5 L6 _bPA _cLIBRO _d-48555 _eLIBRO _fc.11 _h1790 _i758 _si |
||
| 949 |
_a631.5 L6 _bPA _cLIBRO _d-48556 _eLIBRO _fc.12 _h1791 _i758 _si |
||
| 949 |
_a631.5 L6 _bPA _cLIBRO _d-48567 _eLIBRO _fc.9 _h1788 _i758 _si |
||
| 949 |
_a631.5 L6 _bS _cLIBRO _d-3978 _eLIBRO _h3614 _i758 _si |
||
| 949 |
_a631.5 L6 _bS _cLIBRO _d-85468 _eLIBRO _fc.2 _h3615 _i758 _si |
||
| 999 |
_c610 _d610 |
||